书目信息 |
| 题名: |
函数构造论导引
|
|
| 作者: | Todd , 托德 著 ;冯慈璜 译 | |
| 分册: | ||
| 出版信息: | 上海 上海科学技术出版社 1980 |
|
| 页数: | 125页 | |
| 开本: | 19cm | |
| 丛书名: | ||
| 单 册: | ||
| 中图分类: | O174.4 | |
| 科图分类: | ||
| 主题词: | 函数构造论 | |
| 电子资源: | ||
| ISBN: | ||
| 000 | 00839nam0 2200277 45 | |
| 001 | 0180005116 | |
| 005 | 20060726155350.90 | |
| 010 | @d¥0.43 | |
| 091 | @aCN@b13119.880 | |
| 100 | @a19950407d1980 kemy0chiy0121 ea | |
| 101 | 1 | @achi@ceng |
| 102 | @aCN@b310000 | |
| 105 | @ay z 000yy | |
| 200 | 10 | @a函数构造论导引@Ahan shu gou zao lun dao yin@f(美)托德(J. Todd)著@g冯慈璜译 |
| 210 | @a上海@c上海科学技术出版社@d1980 | |
| 215 | @a125页@d19cm | |
| 300 | @a书名原文Introduction to the constructive theory of functions | |
| 510 | 1 | @aIntroduction to the constructive theory of functions@zeng |
| 606 | @a函数构造论 | |
| 690 | @aO174.4@v3 | |
| 701 | A1 | @aTodd@bJ.@4著 |
| 701 | 1 | @a托德@Atuo de@bJ.@4著 |
| 702 | 0 | @a冯慈璜@Afeng ci huang@4译 |
| 801 | 2 | @aCN@bNLC@c20060726 |
| 801 | 0 | @aCN@bTSSF |
| 905 | @a10447@dO174.4@e152 | |
| 函数构造论导引/(美)托德(J. Todd)著/冯慈璜译.-上海:上海科学技术出版社,1980 |
| 125页;19cm |
| 书名原文Introduction to the constructive theory of functions |
| ISBN :¥0.43 |
| ● |
| 相关链接 |
|
|
|
|
正题名:函数构造论导引
索取号:O174.4/152
 
预约/预借
| 序号 | 登录号 | 条形码 | 馆藏地/架位号 | 状态 | 备注 |
| 1 | 0431852 | 204318522 | 密集书库/ [索取号:O174.4/152] | 在馆 |